Daň z přidané hodnoty. Spotřební dane
Salvato in:
| Autore principale: | |
|---|---|
| Altri autori: | |
| Natura: | Libro |
| Lingua: | ceco |
| Pubblicazione: |
Ostrava
AKS
1993
|
| Edizione: | 1. vyd. |
| Serie: | DAŇOVÁ REFORMA
|
| Soggetti: | |
| Tags: |
Nessun Tag, puoi essere il primo ad aggiungerne!!
|
MARC
| LEADER | 00000nam a2200000 4500 | ||
|---|---|---|---|
| 001 | c002310 | ||
| 005 | 20221214081915.8 | ||
| 020 | |a 80-85626-00-4 | ||
| 041 | 0 | |a cze | |
| 044 | |a CZ | ||
| 245 | 1 | 0 | |a Daň z přidané hodnoty. Spotřební dane |c Ladislav Pittner, Ondřej Denkstein |
| 250 | |a 1. vyd. | ||
| 264 | 1 | |a Ostrava |b AKS |c 1993 | |
| 300 | |a 94 s. | ||
| 490 | 1 | |a DAŇOVÁ REFORMA | |
| 830 | 0 | |a DAŇOVÁ REFORMA | |
| 610 | 2 | 0 | |a dane nepriame |
| 610 | 2 | 0 | |a dane z hodnoty pridanej |
| 610 | 2 | 0 | |a dane spotrebné |
| 610 | 2 | 0 | |a reformy daňové |
| 610 | 2 | 0 | |a dane z obratu |
| 610 | 2 | 0 | |a sadzby daňové |
| 100 | 1 | |a Pittner, Ladislav | |
| 700 | 1 | |a Denkstein, Ondřej | |